00322pab a2200133 454500008004000000100001500040245003800055260000900093300001300102362001100115650001800126650001000144773003400154180718b2011 xxu||||| |||| 00| 0 eng d aKar, Anita aPreventing birth defects in India c2011 ap.21-22. a26 Nov aBirth - India aBirth aEconomic and Political Weekly